000 01037nam a2200277Ia 4500
003 OSt
005 20221005111618.0
006 a|||||r|||| 00| 0
007 ta
008 221004b |||||||| |||| 00| 0 hin d
020 _c300
024 _a83363
037 _b578, 30/03/2005, Eastern Book Linkers
_cTextual
040 _aCRL
_cCRL
_bhin
041 _2hin
_ahin
082 _aX:3M24xM93.273, 152P5
100 _aअजीत कुमार
245 0 _aबिहार मे नक्सलवादी आन्दोलन का इतिहास
246 _aBihār me naksalavādī āndolan kā itihāsa
260 _aपटना
_bजानकी प्रकाशन भारत
_c2005
300 _a152पृ0
_ccm.
650 _a अर्थशास्त्र
650 _aनक्सलवादी आन्दोलन
942 _hX:3M24xM93.273, 152P5
_cTEXL
_2cc
999 _c1022351
_d1022351